000 00475nam a2200193 i 4500
001 bg
100 1 _aNAYLOR, Chris
_d(1947- )
245 0 _aBuild your own expert system /
_cby Chris Naylor.
250 _a2nd ed.
260 _aWilmslow :
_bSIGMA Press,
_c1987.
650 9 _aSystemy ekspertowe
020 _a1850580715
040 _cBPK
041 _apol
080 _a004.891
920 _a1-85058-071-5
942 _cKS
008 s pl f |000 0 pol
999 _c29738
_d29738
856 _uhttp://koha.tu.koszalin.pl/cgi-bin/koha/opac-detail.pl?biblionumber=29738
_yKatalog online BPK